000 00416nam a2200145Ia 4500
008 220216s9999 xx 000 0 und d
100 _aHastings J D
245 0 _aPrevention of mould growth on sheet rubber during storage
260 _bJournal of the Rubber Research Institute of Malaya
_c1938
300 _a250-257
650 _aMould growth
650 _aSheet rubber
700 _aPiddlesden J H
942 _cJS
999 _c65675
_d65675